000 00292nam a22001337a 4500
008 170911b xxu||||| |||| 00| 0 eng d
020 _a9780838561430
041 _aeng
080 _24 ED
_a53
100 _a43
101 _aFIZ
245 _aPHYSICAL AGENTS
_cHAYES.K.W
942 _2udc
_cBK
999 _c27122
_d27122